Damáz atya emlékére

Bibliographic Details
Main Author: (sy) (Author)
Format: Article
Language:Hungarian
Subjects:

MARC

LEADER 00000nab a2200000 a 4500
001 vtls000672853
003 SK-MaSNL
005 20260501143556.0
008 160322c1998 xo 0 hun
015 |a SNBRA1998/09-23463 
035 |a CLN000025029 
040 |a SNKBUCL  |b slo  |c SNKBUCL  |e AACR2 
041 0 |a hun 
044 |a xo  |c SK 
080 |a 2-051(437.6=945.11)  |2 UDC-MRF-SK2 
100 0 |a (sy)  |4 aut  |9 905121 
245 1 0 |a Damáz atya emlékére  |c [szerző] (Sy) 
600 1 7 |a Fehér, Damáz Ján,  |d 1913-1998  |2 snkbucl  |9 1638063 
655 7 |a články z novín a časopisov  |2 snkbucl  |9 267496 
773 0 |t Remény  |g Roč. 9, č. 38 (1998), s. 4 
850 |a Slovenská národná knižnica v Martine 
852 |a SNK  |b KIS3GCP 
958 |a HU 
958 |a SK 
958 |a BX 
958 |a RBX 
999 |c 1434413  |d 1436343